Score 0/55 Timer 08:00
2 Plays Today
Answer % Correct
Prancer
79.9%
Dancer
78.8%
Kansas
77.4%
Texas
76.9%
Arkansas
75.7%
Dasher
72.8%
India
72.5%
Donner
71.6%
Thomas Jefferson
70%
Andrew Jackson
67.2%
49ers
67.1%
Lyndon B. Johnson
65.7%
Andrew Johnson
65.7%
Indonesia
65.3%
Massachusetts
65.2%
Illinois
62.4%
Miscellaneous
61.1%
Epsilon
59.1%
Malaysia
58.8%
Packers
56.4%
Russia
55.8%
Cambodia
52.7%
Chlorine
52.2%
Iodine
51.9%
Steelers
51.3%
Mongolia
50.6%
Bromine
49.8%
Raiders
49.1%
Answer % Correct
Moonlight
49%
William Henry Harrison
48.8%
Benjamin Harrison
48.8%
Chargers
46.8%
Fluorine
45%
James Madison
44.8%
Saudi Arabia
43.5%
Woodrow Wilson
42.9%
Syria
42.3%
Ruth
41.6%
Georgia
41.6%
Armenia
40.8%
Panthers
40.1%
Buccaneers
39.7%
Jonah
32.5%
Spotlight
32.1%
Omicron
32%
Upsilon
31.1%
Isaiah
27.8%
Jeremiah
25.3%
Astatine
21.9%
Micah
20.7%
Nehemiah
17.8%
Obadiah
16.5%
Zechariah
15.7%
Zephaniah
14.1%
Tennessine
7.2%
Remove Ads.
Support Sporcle.
Get the best of Sporcle when you Go Orange. This ad-free experience offers more features, more stats, and more fun while also helping to support Sporcle. Thank you for becoming a member.

You're not logged in!

Compare scores with friends on all Sporcle quizzes.
OR
Log In

Show Comments

Extras

Top Quizzes Today


Score Distribution

Your Account Isn't Verified!

In order to create a playlist on Sporcle, you need to verify the email address you used during registration. Go to your Sporcle Settings to finish the process.

Report this User

Report this user for behavior that violates our Community Guidelines.

Details: